[Event "DEN-ch sf3"]
[Site "Svendborg"]
[Date "2024.03.29"]
[Round "5"]
[White "Velarde, Andrew"]
[Black "Skarved, Mattias"]
[Result "1-0"]
[WhiteElo "1826"]
[BlackElo "1678"]
[PlyCount "75"]
[EventDate "2024.03.29"]
[EventType "swiss"]
[EventRounds "5"]
[EventCountry "DEN"]
[SourceTitle "CB16_2024"]
[SourceDate "2024.04.17"]
[SourceVersion "1"]
[SourceVersionDate "2024.04.17"]
[SourceQuality "1"]

1. e4 c6 2. d4 d5 3. exd5 cxd5 4. Bd3 Nf6 5. h3 g6 6. c3 Bg7 7. Bf4 0-0 8. Nd2 Qb6 9. Qc2 Qe6+ 10. Ne2 Nc6 11. 0-0 a6 12. a4 a5 13. Rfe1 Na7 14. Nc1 Qc6 15. Rxe7 Be6 16. Qb3 b6 17. Rc7 Qe8 18. Qxb6 Nc8 19. Qb3 Nh5 20. Ne2 Bf5 21. Bb5 Rb8 22. Qd1 Rxb5 23. axb5 Bd3 24. Be3 Qxb5 25. Nc1 Qb6 26. Rc5 Be4 27. Ncb3 f5 28. Rcxa5 f4 29. Nxe4 fxe3 30. Ra6 exf2+ 31. Nxf2 Qd8 32. Qg4 Rf4 33. Qe6+ Kh8 34. Ra8 Rf8 35. Qg4 Rf4 36. Rxc8 Rxg4 37. Rxd8+ Bf8 38. hxg4 1-0

[Event "DEN-ch G5-1"]
[Site "Svendborg"]
[Date "2022.04.11"]
[Round "3"]
[White "Velarde, Andrew"]
[Black "Ostergreen Johansen, Benjamin"]
[Result "0-1"]
[WhiteElo "1753"]
[BlackElo "1800"]
[PlyCount "78"]
[EventDate "2022.04.09"]
[EventType "swiss"]
[EventRounds "5"]
[EventCountry "DEN"]
[SourceTitle "EXT 2024"]
[Source "ChessBase"]
[SourceDate "2023.10.10"]
[SourceVersion "1"]
[SourceVersionDate "2023.10.10"]
[SourceQuality "1"]

1. d4 Nf6 2. Bf4 d5 3. e3 c5 4. b3 Nc6 5. a3 e6 6. Nf3 Bd6 7. Ne5 Qc7 8. Nd3 Bxf4 9. Nxf4 cxd4 10. g3 Qe5 11. Nd3 Qe4 12. Rg1 dxe3 13. f3 Qd4 14. c3 e2 15. cxd4 exd1Q+ 16. Kxd1 Nxd4 17. Nd2 b6 18. Ne5 Nd7 19. Nd3 Ba6 20. Rc1 Rc8 21. b4 Ke7 22. f4 Rxc1+ 23. Nxc1 Bxf1 24. Rxf1 Rc8 25. Rf2 Nc2 26. Nb1 Ne3+ 27. Kd2 Rc2+ 28. Kxe3 Rxc1 29. Rb2 Nf6 30. Kf3 Ne4 31. Kg2 f6 32. Nd2 Nxd2 33. Rxd2 Rc3 34. Ra2 d4 35. Kf2 Kd6 36. Ke2 Kd5 37. a4 Kc4 38. a5 b5 39. Rb2 d3+ 0-1

[Event "DEN-ch Kort 1-2"]
[Site "Svendborg"]
[Date "2019.04.14"]
[Round "3"]
[White "Norgaard, Poul Erik"]
[Black "Velarde, Andrew"]
[Result "1/2-1/2"]
[WhiteElo "1740"]
[BlackElo "1713"]
[PlyCount "48"]
[EventDate "2019.04.13"]
[EventType "swiss"]
[EventRounds "5"]
[EventCountry "DEN"]
[SourceTitle "EXT 2020"]
[Source "ChessBase"]
[SourceDate "2019.10.17"]
[SourceVersion "1"]
[SourceVersionDate "2019.10.17"]
[SourceQuality "1"]

1. e4 d5 2. exd5 Nf6 3. Nc3 Nxd5 4. Bc4 c6 5. Qf3 e6 6. d4 Nb6 7. Qd3 Nxc4 8. Qxc4 Bd6 9. Nf3 Nd7 10. Ne4 Nb6 11. Nxd6+ Qxd6 12. Qd3 Nd5 13. c3 Bd7 14. 0-0 Nf4 15. Qe4 Ng6 16. Re1 0-0 17. h4 Qd5 18. Qg4 e5 19. Qg3 e4 20. Ne5 Nxe5 21. dxe5 Rfe8 22. Bh6 Qxe5 23. Bf4 Qf5 24. Rad1 Qg4 1/2-1/2

[Event "DEN-ch Kort 1-2"]
[Site "Svendborg"]
[Date "2019.04.13"]
[Round "1"]
[White "Velarde, Andrew"]
[Black "Thorup, Bo Beier"]
[Result "0-1"]
[WhiteElo "1713"]
[BlackElo "1688"]
[PlyCount "66"]
[EventDate "2019.04.13"]
[EventType "swiss"]
[EventRounds "5"]
[EventCountry "DEN"]
[SourceTitle "EXT 2020"]
[Source "ChessBase"]
[SourceDate "2019.10.17"]
[SourceVersion "1"]
[SourceVersionDate "2019.10.17"]
[SourceQuality "1"]

1. e3 g6 2. Nf3 Bg7 3. d4 d5 4. c4 Nf6 5. Nc3 0-0 6. Be2 c5 7. Qb3 dxc4 8. Qxc4 cxd4 9. Nxd4 Nbd7 10. 0-0 a6 11. Rd1 b5 12. Qb3 Bb7 13. Bf3 Bxf3 14. Nxf3 Qc7 15. Nd5 Nxd5 16. Rxd5 Nb6 17. Rd3 Nc4 18. Rb1 Rfd8 19. Nd4 Qd7 20. f4 e5 21. fxe5 Nxe5 22. Rd1 Ng4 23. h3 Ne5 24. Bd2 Nc4 25. Nf3 Qa7 26. Kf2 Bh6 27. g4 Rxd2+ 28. Nxd2 Bxe3+ 29. Ke2 Bxd2 30. Rxd2 Re8+ 31. Kd1 Nxd2 32. Qd3 Nxb1 33. Qxb1 Qg1+ 0-1

[Event "DEN-ch Kort 1-1"]
[Site "Svendborg"]
[Date "2018.03.25"]
[Round "3"]
[White "Couture, Jonathan"]
[Black "Velarde, Andrew"]
[Result "1-0"]
[WhiteElo "1928"]
[BlackElo "1757"]
[PlyCount "49"]
[EventDate "2018.03.24"]
[EventType "swiss"]
[EventRounds "5"]
[EventCountry "DEN"]
[SourceTitle "EXT 2019"]
[Source "ChessBase"]
[SourceDate "2018.10.10"]
[SourceVersion "1"]
[SourceVersionDate "2018.10.10"]
[SourceQuality "1"]

1. e4 d5 2. exd5 Nf6 3. Bb5+ Bd7 4. Bc4 b5 5. Bb3 a5 6. a3 Na6 7. d4 Bf5 8. Qe2 Qd7 9. c4 a4 10. Ba2 b4 11. Nd2 c6 12. dxc6 Qxc6 13. Ngf3 b3 14. Bb1 Bg6 15. 0-0 Qd6 16. Re1 Rd8 17. c5 Qc6 18. Ne5 Qc8 19. Qb5+ Nd7 20. Ne4 f5 21. Nxg6 fxe4 22. Nxh8 Nc7 23. Qc6 Qb8 24. Bxe4 Qb5 25. Bg6+ 1-0

[Event "DEN-ch Kort 1-1"]
[Site "Svendborg"]
[Date "2018.03.25"]
[Round "2"]
[White "Velarde, Andrew"]
[Black "Hansen, Alex Mehr"]
[Result "0-1"]
[WhiteElo "1757"]
[BlackElo "1912"]
[PlyCount "120"]
[EventDate "2018.03.24"]
[EventType "swiss"]
[EventRounds "5"]
[EventCountry "DEN"]
[SourceTitle "EXT 2019"]
[Source "ChessBase"]
[SourceDate "2018.10.10"]
[SourceVersion "1"]
[SourceVersionDate "2018.10.10"]
[SourceQuality "1"]

1. e3 c5 2. Nf3 Nc6 3. Nc3 Nf6 4. d4 cxd4 5. exd4 d5 6. Bf4 a6 7. a3 Bg4 8. Be2 e6 9. Ne5 Bxe2 10. Nxe2 Rc8 11. c3 Bd6 12. Ng3 Bxe5 13. Bxe5 Nxe5 14. dxe5 Nd7 15. f4 Qb6 16. Qd2 Nc5 17. Rb1 Qb5 18. Kf2 0-0 19. Rhd1 Nb3 20. Qd3 Rc4 21. Ne2 Nc5 22. Qe3 Re4 23. Qd2 Nb3 24. Qd3 Qb6+ 25. Kf3 Rc8 26. Ng3 Ra4 27. Ne2 Rcc4 28. Qe3 Qxe3+ 29. Kxe3 Re4+ 30. Kf3 f6 31. exf6 gxf6 32. g3 Kf7 33. Nc1 Nxc1 34. Rbxc1 f5 35. Rd3 Ke7 36. Rcd1 h5 37. Rd4 Raxd4 38. Rxd4 Kd6 39. b3 Kc5 40. Rd1 a5 41. b4+ axb4 42. cxb4+ Kb5 43. h3 Kc4 44. g4 hxg4+ 45. hxg4 fxg4+ 46. Kxg4 e5 47. Rc1+ Kb3 48. Kf5 exf4 49. Rd1 Kxa3 50. b5 Rb4 51. Rxd5 Ka4 52. b6 Rb5 53. Rxb5 Kxb5 54. Kxf4 Kxb6 55. Ke3 Kc5 56. Kd3 Kb4 57. Kc2 Ka3 58. Kb1 b5 59. Ka1 b4 60. Kb1 Kb3 0-1